| 000 -LEADER | |
|---|---|
| fixed length control field | 00532cam a2200181 a 4500 |
| 020 ## - INTERNATIONAL STANDARD BOOK NUMBER | |
| ISBN | 0030244013 |
| 050 00 - LIBRARY OF CONGRESS CALL NUMBER | |
| Classification number | HF1416czi |
| 100 1# - MAIN ENTRY--AUTHOR NAME | |
| Personal name | Czinkota, Michael R. |
| 245 10 - TITLE STATEMENT | |
| Title | International marketing / |
| 250 ## - EDITION STATEMENT | |
| Edition statement | 5th ed. |
| 260 ## - PUBLICATION, DISTRIBUTION, ETC. (IMPRINT) | |
| Place of publication | Fort Worth : |
| Name of publisher | Dryden Press, |
| Year of publication | c1998. |
| 300 ## - PHYSICAL DESCRIPTION | |
| Number of Pages | xxix, 860, 16 p. : |
| Other physical details | ill., maps (some col.) ; |
| 500 ## - GENERAL NOTE | |
| General note | One folded col. map in pocket. |
| 650 #0 - SUBJECT ADDED ENTRY--TOPICAL TERM | |
| Topical Term | Export marketing. |
| 700 1# - ADDED ENTRY--PERSONAL NAME | |
| Personal name | Ronkainen, Ilkka A. |
| 856 42 - ELECTRONIC LOCATION AND ACCESS | |
| Uniform Resource Identifier | http://www.loc.gov/catdir/enhancements/fy1514/97066269-b.html |
| 942 ## - ADDED ENTRY ELEMENTS (KOHA) | |
| Koha item type | Books |
| Koha item type | Collection code | Shelving location | Accession Number | Permanent Location | Current Location | Date acquired | Full call number |
|---|---|---|---|---|---|---|---|
| Books | Lending | Lending | 1781 | Chapman Library | Chapman Library | 2016-01-18 | HF5415 |
| Books | Lending | Lending | 1782 | Chapman Library | Chapman Library | 2016-01-18 | HF5415 |
| Books | Reference | Reference | 1783 | Chapman Library | Chapman Library | 2016-01-18 | HF5415 |
| Books | Reference | Reference | 1784 | Chapman Library | Chapman Library | 2016-01-18 | HF5415 |

